000
00317pam a2200133 a 4500
020
_c
041
_h
082
_a
743.6
_b
WHI
100
_a
Janet Whittle.
245
_a
How to draw Flowers in Simple Steps
_h
Textual Documents
260
_a
[s.l]:
_b
Search press ,
_c
2014.
300
_a
32:
_b
paper.
930
_a
7968
999
_c
241758
_d
241758